00526 2200205 4500001002100000008004100021035002000062245009200082100001300174250000600187260003200193300001100225084001400236082000800250650001400258990001200272990001200284990001200296990001200308INLIS000000000000511 ind  a0010-0424000487 aEnsiklopedia Bahasa Inggris; Developing English Skill Writing Procedure TextscDjatmika aDjatmika a1 aBandung :bPakar Rayac2015 a92 hlm a420 DJA e a420 aNon Fiksi a0722072 a0722073 a0722074 a0722075